Grande attore

Shranjeno v:
Bibliografske podrobnosti
Glavni avtor: Tornabuoni Lorenzo
Format: Knjiga
Jezik:neznan ali neveljaven jezik
Izdano: Roma Gremese 1991
Oznake: Označite
Brez oznak, prvi označite!

MARC

LEADER 00000nam a2200000Ia 4500
001 793
003 NUMERAZIONE-ORIGINALE-BRESCIA
005 20260206230754.0
008 260206s9999 xx 000 0 und d
100 |a Tornabuoni Lorenzo 
245 0 |a Grande attore 
260 |a Roma 
260 |b Gremese 
260 |c 1991 
500 |a Gli Spilli 
942 |2 ddc  |c BK  |n 0 
952 |0 0  |1 0  |2 ddc  |4 0  |6 15  |7 0  |9 28677  |a BS  |b BS  |d 2026-02-06  |i 793  |l 0  |o 1-5-*  |r 2026-02-06 22:40:40  |w 2026-02-06  |x [REVISIONARE]  |y BK 
999 |c 24335  |d 24335